000 005840000a22001930004500
090 _aAR
_b00086
245 1 0 _aNew frog of the genus Eleutherodactylus from western Panama
650 1 4 _aFauna
_992594
650 1 4 _aAnfibios
_992768
650 1 4 _aNuevas especies
_992905
650 1 4 _aBiología
_992
650 1 4 _aMorfología
_992917
651 4 _pPanamá
_992749
653 _gEleutherodactylus
_eEleutherodactylus jota
041 0 _aInglés
100 1 _aLynch, John D.
_992907
942 _cARTICULO
773 1 _tTransactions of the Kansas Academy of Science
_342
_h3
_q101-105
_d1980
_g83
999 _c9187
_d9187